[Event "7. Rilton Cup 2007/2008"]
[Site "Stockholm SWE"]
[Date "2007.12.27"]
[Round "1.2"]
[White "Glimbrant, Torbjorn"]
[Black "Kotronias, Vasilios"]
[Result "0-1"]
[WhiteElo "2275"]
[BlackElo "2618"]
[PlyCount "66"]
[EventDate "2007.12.27"]
[EventType "swiss"]
[EventRounds "9"]
[EventCountry "SWE"]
[Source "lmi"]
[SourceDate "2008.12.27"]

1. d4 Nf6 2. Nf3 g6 3. g3 Bg7 4. Bg2 O-O 5. O-O d6 6. c4 Nbd7 7. Nc3 e5 8. e4
c6 9. h3 Qb6 10. c5 dxc5 11. dxe5 Ne8 12. e6 fxe6 13. Ng5 Ne5 14. f4 Nf7 15.
Nxf7 Bd4+ 16. Kh2 Rxf7 17. e5 Qc7 18. Ne4 b6 19. Ng5 Re7 20. h4 Ba6 21. Rh1 Rd8
22. Qf3 Ng7 23. Ne4 Nf5 24. h5 Rg7 25. Bh3 gxh5 26. Nf6+ Kh8 27. Bxf5 exf5 28.
Nxh5 Rg6 29. Nf6 Bc4 30. Be3 Rh6+ 31. Kg2 Rxf6 32. exf6 Bd5 33. Bxd4 Bxf3+ 0-1

[Event "7. Rilton Cup 2007/2008"]
[Site "Stockholm SWE"]
[Date "2007.12.27"]
[Round "1.4"]
[White "Sisatto, Olli"]
[Black "Hansen, Lars Bo"]
[Result "0-1"]
[WhiteElo "2264"]
[BlackElo "2572"]
[PlyCount "188"]
[EventDate "2007.12.27"]
[EventType "swiss"]
[EventRounds "9"]
[EventCountry "SWE"]
[Source "lmi"]
[SourceDate "2008.12.27"]

1. e4 e6 2. d4 d5 3. Nc3 Bb4 4. exd5 exd5 5. Bd3 Nc6 6. a3 Be7 7. Qf3 Nxd4 8.
Qxd5 Nf6 9. Qxd8+ Bxd8 10. Nge2 Nxe2 11. Kxe2 O-O 12. Re1 c6 13. Bg5 h6 14. Bf4
Ba5 15. b4 Bb6 16. Na4 Bd4 17. c3 Nd5 18. Bd2 Bf6 19. Rac1 Rd8 20. c4 Nc7 21.
Bc3 Bxc3 22. Rxc3 Ne6 23. Kf1 g6 24. c5 Kg7 25. Bc4 Nf4 26. Rce3 Be6 27. Bxe6
Nxe6 28. Nb2 Rd4 29. Re4 Rxe4 30. Rxe4 a5 31. Nc4 axb4 32. axb4 Kf6 33. Nd6 Rb8
34. Re3 Ke7 35. Rf3 f5 36. Rh3 h5 37. Ra3 Nc7 38. Re3+ Kf6 39. Ra3 Nd5 40. Ra4
Ke6 41. Nc4 h4 42. Ke1 g5 43. Nb2 f4 44. Nd3 Kf5 45. Kd2 Rd8 46. Kc2 g4 47. Ra7
Rb8 48. Kd2 h3 49. gxh3 gxh3 50. f3 Kf6 51. Nf2 Nxb4 52. Kc3 Nd5+ 53. Kd4 Nc7
54. Kc4 Nb5 55. Ra1 Rd8 56. Rf1 Kf5 57. Nxh3 Rh8 58. Nf2 Rxh2 59. Ne4 Re2 60.
Kd3 Re3+ 61. Kc4 Ke5 62. Rf2 Nc7 63. Nd6 Nd5 64. Nf7+ Ke6 65. Nd8+ Ke5 66. Nf7+
Kf6 67. Nd6 Rc3+ 68. Kd4 Rb3 69. Ne4+ Ke6 70. Rh2 Kf5 71. Rh5+ Kg6 72. Rg5+ Kh6
73. Ke5 Rxf3 74. Kf5 Ne7+ 75. Kg4 Rf1 76. Re5 Rg1+ 77. Kf3 Ng6 78. Re6 Kg7 79.
Nd6 Rg3+ 80. Kf2 Rb3 81. Re8 Kf6 82. Rb8 Ne5 83. Rf8+ Ke6 84. Kf1 f3 85. Rd8
Ng4 86. Re8+ Kd5 87. Re1 Kxc5 88. Ne4+ Kb6 89. Rc1 Rb2 90. Ra1 Ne3+ 91. Kg1
Rg2+ 92. Kh1 Ng4 93. Rf1 Re2 94. Ng5 f2 0-1

[Event "7. Rilton Cup 2007/2008"]
[Site "Stockholm SWE"]
[Date "2007.12.27"]
[Round "1.5"]
[White "Cicak, Slavko"]
[Black "Kosmo, Santul"]
[Result "1-0"]
[WhiteElo "2569"]
[BlackElo "2262"]
[PlyCount "53"]
[EventDate "2007.12.27"]
[EventType "swiss"]
[EventRounds "9"]
[EventCountry "SWE"]
[Source "lmi"]
[SourceDate "2008.12.27"]

1. e4 c5 2. Nf3 d6 3. c3 Nf6 4. Bc4 Nxe4 5. Qa4+ Nc6 6. Bxf7+ Kxf7 7. Qxe4 Qd7
8. d4 cxd4 9. cxd4 Qf5 10. Qe2 h6 11. O-O e6 12. Nc3 Be7 13. Be3 Rf8 14. d5
exd5 15. Rad1 Be6 16. Rfe1 Bf6 17. Nb5 Rad8 18. Nxa7 Rfe8 19. Nb5 d4 20. Bxd4
Nxd4 21. Nfxd4 Bxd4 22. Rxd4 Qc5 23. b4 Qb6 24. a4 d5 25. a5 Qc6 26. Rf4+ Kg8
27. Nd4 1-0

[Event "7. Rilton Cup 2007/2008"]
[Site "Stockholm SWE"]
[Date "2007.12.27"]
[Round "1.6"]
[White "Lindberg, Henrik"]
[Black "Hillarp Persson, Tiger"]
[Result "0-1"]
[WhiteElo "2254"]
[BlackElo "2567"]
[PlyCount "82"]
[EventDate "2007.12.27"]
[EventType "swiss"]
[EventRounds "9"]
[EventCountry "SWE"]
[Source "lmi"]
[SourceDate "2008.12.27"]

1. e4 c5 2. Nf3 d6 3. d4 cxd4 4. Nxd4 Nf6 5. Nc3 a6 6. Be2 e6 7. O-O Be7 8. f4
O-O 9. a4 Nc6 10. Kh1 Qc7 11. Be3 Re8 12. Bf3 Nxd4 13. Qxd4 e5 14. Qd2 exf4 15.
Bxf4 Be6 16. a5 Rac8 17. Rfc1 Bf8 18. Na4 h6 19. h3 Nd7 20. c4 Qd8 21. b3 Qh4
22. Bxd6 Bxh3 23. Qf4 Bg4+ 24. Qh2 Qg5 25. Bf4 Qg6 26. Rd1 Nf6 27. Nc3 Nh5 28.
Nd5 Bxf3 29. gxf3 Nxf4 30. Nxf4 Qf6 31. Nd5 Qxf3+ 32. Qg2 Qxg2+ 33. Kxg2 Rxe4
34. Re1 Re6 35. Rac1 g5 36. Rf1 Kg7 37. b4 Re4 38. c5 Rd4 39. Rcd1 Rxd1 40.
Rxd1 Rd8 41. Kf3 f5 0-1

[Event "7. Rilton Cup 2007/2008"]
[Site "Stockholm SWE"]
[Date "2007.12.27"]
[Round "1.10"]
[White "Ask, Josef"]
[Black "Agrest, Evgenij"]
[Result "0-1"]
[WhiteElo "2235"]
[BlackElo "2541"]
[PlyCount "64"]
[EventDate "2007.12.27"]
[EventType "swiss"]
[EventRounds "9"]
[EventCountry "SWE"]
[Source "lmi"]
[SourceDate "2008.12.27"]

1. e4 d6 2. d4 Nf6 3. Bd3 e5 4. c3 d5 5. dxe5 Nxe4 6. Nd2 Nc6 7. Ngf3 Nc5 8.
Bc2 Bg4 9. h3 Bh5 10. O-O d4 11. c4 d3 12. Bb1 Qd7 13. a3 a5 14. b3 Nd4 15. Bb2
Ne2+ 16. Kh2 O-O-O 17. Re1 Nf4 18. Bc3 Nce6 19. Re4 Bg6 20. Re1 Bc5 21. Ne4 Qc6
22. Nxc5 Nxc5 23. Ra2 a4 24. bxa4 Ne4 25. Bb4 Rhe8 26. Qb3 Nxg2 27. Kxg2 Ng5
28. Re3 Rxe5 29. Qd1 Rxe3 30. fxe3 Nxf3 31. Kf2 Be4 32. Rb2 Qf6 0-1

[Event "7. Rilton Cup 2007/2008"]
[Site "Stockholm SWE"]
[Date "2007.12.27"]
[Round "1.12"]
[White "Evertsson, Lennart"]
[Black "Cramling, Pia"]
[Result "0-1"]
[WhiteElo "2220"]
[BlackElo "2531"]
[PlyCount "88"]
[EventDate "2007.12.27"]
[EventType "swiss"]
[EventRounds "9"]
[EventCountry "SWE"]
[Source "lmi"]
[SourceDate "2008.12.27"]

1. Nf3 c5 2. c4 g6 3. Nc3 Bg7 4. g3 Nc6 5. Bg2 d6 6. O-O e6 7. Rb1 Nge7 8. a3
b6 9. Re1 Bb7 10. d3 O-O 11. Bf4 Qd7 12. Qd2 Nd4 13. e4 f5 14. Nxd4 cxd4 15.
Na2 e5 16. Bg5 Nc6 17. f3 Rae8 18. Rf1 Nd8 19. Qc2 Ne6 20. Bc1 Rc8 21. Qd1 b5
22. cxb5 Qxb5 23. a4 Qd7 24. b4 d5 25. exf5 gxf5 26. b5 e4 27. Ba3 Rf7 28. fxe4
dxe4 29. Nb4 Nc5 30. Nc6 Nxd3 31. Qb3 Bxc6 32. bxc6 Rxc6 33. Bh3 Rb6 34. Qa2
Rxb1 35. Rxb1 Bf8 36. Rb5 Kg7 37. Bxf8+ Rxf8 38. Qb3 Qc6 39. Bxf5 Qc1+ 40. Kg2
Qd2+ 41. Kh3 Nf2+ 42. Kg2 Nd1+ 43. Kh3 Qh6+ 44. Kg4 Nf2# 0-1

[Event "7. Rilton Cup 2007/2008"]
[Site "Stockholm SWE"]
[Date "2007.12.27"]
[Round "1.13"]
[White "Farago, Ivan"]
[Black "Satonen, Arto"]
[Result "1-0"]
[WhiteElo "2505"]
[BlackElo "2215"]
[PlyCount "83"]
[EventDate "2007.12.27"]
[EventType "swiss"]
[EventRounds "9"]
[EventCountry "SWE"]
[Source "lmi"]
[SourceDate "2008.12.27"]

1. d4 d5 2. c4 e6 3. Nf3 c5 4. cxd5 exd5 5. g3 Nc6 6. Bg2 Nf6 7. O-O Be7 8. Nc3
O-O 9. Bg5 cxd4 10. Nxd4 h6 11. Be3 Re8 12. Qb3 Na5 13. Qc2 Nc4 14. Bf4 Bg4 15.
b3 Nb6 16. Qd3 Rc8 17. Rac1 Bb4 18. Ncb5 Qd7 19. Nxa7 Ra8 20. Rc7 Rxa7 21. Rxd7
Nbxd7 22. a4 Bc5 23. Rc1 b6 24. Bf1 Re4 25. Nb5 Ra8 26. Nc7 Rd8 27. Nxd5 Rd4
28. Nxf6+ Nxf6 29. Qc2 Nd5 30. Be5 Nb4 31. Bxd4 Nxc2 32. Bxc5 bxc5 33. Rxc2 Rd1
34. Kg2 Be6 35. Rxc5 Bxb3 36. a5 Bd5+ 37. f3 f5 38. a6 Be6 39. Ra5 Rd8 40. a7
Ra8 41. Kf2 Kf7 42. f4 1-0

[Event "7. Rilton Cup 2007/2008"]
[Site "Stockholm SWE"]
[Date "2007.12.27"]
[Round "1.14"]
[White "Marzano, Carlo"]
[Black "Szabo, Krisztian"]
[Result "0-1"]
[WhiteElo "2213"]
[BlackElo "2492"]
[PlyCount "64"]
[EventDate "2007.12.27"]
[EventType "swiss"]
[EventRounds "9"]
[EventCountry "SWE"]
[Source "lmi"]
[SourceDate "2008.12.27"]

1. Nc3 d5 2. e3 c5 3. Bb5+ Nc6 4. d3 Nf6 5. h3 Bd7 6. Nf3 d4 7. Bxc6 Bxc6 8.
Ne2 e5 9. e4 c4 10. O-O cxd3 11. cxd3 Nd7 12. Ne1 Bc5 13. Ng3 g6 14. f4 Qe7 15.
f5 O-O-O 16. Nc2 Kb8 17. Bd2 Bd6 18. a4 Nb6 19. b3 Rc8 20. Qb1 h5 21. a5 Na8
22. b4 h4 23. Nh1 gxf5 24. Rxf5 Bd7 25. Rf3 Rhg8 26. Ne1 Nc7 27. Nf2 Nb5 28.
Nd1 a6 29. Qb2 Rg3 30. Kh2 f5 31. Nf2 Rcg8 32. Rc1 Qg7 0-1

[Event "7. Rilton Cup 2007/2008"]
[Site "Stockholm SWE"]
[Date "2007.12.27"]
[Round "1.19"]
[White "Lindberg, Bengt"]
[Black "Johansson, Viktoria"]
[Result "1-0"]
[WhiteElo "2439"]
[BlackElo "2203"]
[PlyCount "85"]
[EventDate "2007.12.27"]
[EventType "swiss"]
[EventRounds "9"]
[EventCountry "SWE"]
[Source "lmi"]
[SourceDate "2008.12.27"]

1. e4 c5 2. Nf3 Nc6 3. d4 cxd4 4. Nxd4 e5 5. Nb5 d6 6. N1c3 a6 7. Na3 Be7 8.
Nc4 b5 9. Ne3 Bg5 10. a4 b4 11. Ncd5 Nge7 12. Nc4 Bxc1 13. Rxc1 Rb8 14. Nde3
O-O 15. Qxd6 Bb7 16. Qxd8 Rfxd8 17. c3 bxc3 18. bxc3 Ng6 19. f3 Nf4 20. Kf2 Ne6
21. Be2 Nc5 22. Ra1 Bc8 23. Rhd1 Be6 24. Rxd8+ Rxd8 25. Ke1 f6 26. a5 Nd3+ 27.
Bxd3 Rxd3 28. Rc1 Kf7 29. Ke2 Rd7 30. Rb1 Na7 31. Na3 Rc7 32. Rb6 Rxc3 33. Rb7+
Kg6 34. Rxa7 Rxa3 35. Rxa6 Bd7 36. Ra7 Bb5+ 37. Kf2 Ra2+ 38. Kg3 h5 39. Nf5 h4+
40. Kxh4 Kh7 41. Rxg7+ Kh8 42. Rg6 Bf1 43. Ne3 1-0

[Event "7. Rilton Cup 2007/2008"]
[Site "Stockholm SWE"]
[Date "2007.12.27"]
[Round "1.20"]
[White "Aroven, Mikael"]
[Black "Bellon Lopez, Juan Manuel"]
[Result "1/2-1/2"]
[WhiteElo "2201"]
[BlackElo "2434"]
[PlyCount "115"]
[EventDate "2007.12.27"]
[EventType "swiss"]
[EventRounds "9"]
[EventCountry "SWE"]
[Source "lmi"]
[SourceDate "2008.12.27"]

1. c4 e5 2. g3 Bc5 3. Bg2 Nc6 4. Nc3 Bd4 5. Nd5 d6 6. e3 Bb6 7. h3 Nge7 8. Ne2
Nxd5 9. cxd5 Ne7 10. O-O Nf5 11. b3 Bd7 12. Bb2 Bb5 13. Re1 O-O 14. a4 Bxe2 15.
Qxe2 a5 16. Bc3 g6 17. Reb1 Re8 18. Qc4 Qd7 19. b4 axb4 20. Rxb4 Reb8 21. Rb5
Ra6 22. a5 Rba8 23. Kh2 Ne7 24. axb6 Rxa1 25. Bxa1 Rxa1 26. bxc7 Ra7 27. h4 f5
28. e4 Nc8 29. d4 exd4 30. exf5 gxf5 31. Rb4 b6 32. Qxd4 Rxc7 33. Qf6 Qf7 34.
Qg5+ Kh8 35. Ra4 Re7 36. Ra8 Re8 37. Qc1 Qb7 38. Ra2 Ne7 39. Qc3+ Kg8 40. Qe3
Rd8 41. h5 Kh8 42. Qd4+ Kg8 43. Re2 Rf8 44. Re6 f4 45. Be4 fxg3+ 46. fxg3 Nc8
47. Rf6 Qg7 48. Rxf8+ Kxf8 49. Qf2+ Ke8 50. Qc2 Ne7 51. Bxh7 Qh6 52. g4 Qf4+
53. Kh3 Qf3+ 54. Kh4 Qf6+ 55. Kh3 Qf3+ 56. Kh4 Qf6+ 57. Kh3 Qf3+ 58. Kh4
1/2-1/2

[Event "7. Rilton Cup 2007/2008"]
[Site "Stockholm SWE"]
[Date "2007.12.27"]
[Round "1.21"]
[White "Berczes, David"]
[Black "Henriksson, Johan"]
[Result "1-0"]
[WhiteElo "2430"]
[BlackElo "2197"]
[PlyCount "69"]
[EventDate "2007.12.27"]
[EventType "swiss"]
[EventRounds "9"]
[EventCountry "SWE"]
[Source "lmi"]
[SourceDate "2008.12.27"]

1. d4 c6 2. c4 d5 3. Nc3 e6 4. Nf3 f5 5. Bf4 Nf6 6. e3 Bd6 7. Bxd6 Qxd6 8. Bd3
O-O 9. Qc2 b6 10. cxd5 cxd5 11. O-O Ba6 12. Rfc1 Bxd3 13. Qxd3 a6 14. Ne2 Nc6
15. Nf4 Ne4 16. Qa3 Qd7 17. Rc2 Rfc8 18. Rac1 Qe8 19. Qb3 Nd6 20. Nxd5 Na5 21.
Qb4 Nac4 22. Nf4 a5 23. Qe1 e5 24. dxe5 Nxe5 25. Qd1 Nxf3+ 26. gxf3 Nf7 27. Qd5
g6 28. Ne6 Rd8 29. Nxd8 Rxd8 30. Qb3 b5 31. Rc7 a4 32. Qc3 f4 33. Qf6 Rd6 34.
Qxf4 Kg7 35. Qxd6 1-0

[Event "7. Rilton Cup 2007/2008"]
[Site "Stockholm SWE"]
[Date "2007.12.27"]
[Round "1.22"]
[White "Niemi, Mikko"]
[Black "Berczes, Csaba"]
[Result "1/2-1/2"]
[WhiteElo "2188"]
[BlackElo "2419"]
[PlyCount "64"]
[EventDate "2007.12.27"]
[EventType "swiss"]
[EventRounds "9"]
[EventCountry "SWE"]
[Source "lmi"]
[SourceDate "2008.12.27"]

1. c4 Nf6 2. g3 e6 3. Bg2 d5 4. Nf3 Be7 5. O-O O-O 6. d4 b6 7. Qc2 Bb7 8. Rd1
Na6 9. Nc3 Qc8 10. cxd5 exd5 11. Ne5 c5 12. Be3 Nb4 13. Qd2 Rd8 14. Rac1 Nc6
15. Nxc6 Bxc6 16. dxc5 d4 17. cxb6 Bxg2 18. Nd5 Qh3 19. Nxe7+ Kf8 20. f3 Ng4
21. fxg4 Be4 22. Kf2 dxe3+ 23. Qxe3 Qxh2+ 24. Ke1 Qh1+ 25. Kf2 Qg2+ 26. Ke1
Qh1+ 27. Kf2 Rxd1 28. Rxd1 Qg2+ 29. Ke1 Qh1+ 30. Kf2 Qg2+ 31. Ke1 Qh1+ 32. Kf2
Qg2+ 1/2-1/2

[Event "7. Rilton Cup 2007/2008"]
[Site "Stockholm SWE"]
[Date "2007.12.27"]
[Round "1.23"]
[White "Hedman, Erik"]
[Black "Tadjerbashi, Amir"]
[Result "1-0"]
[WhiteElo "2396"]
[BlackElo "2184"]
[PlyCount "77"]
[EventDate "2007.12.27"]
[EventType "swiss"]
[EventRounds "9"]
[EventCountry "SWE"]
[Source "lmi"]
[SourceDate "2008.12.27"]

1. e4 e5 2. Nf3 Nc6 3. Bb5 a6 4. Bxc6 dxc6 5. Nc3 f6 6. d4 Bg4 7. dxe5 Qxd1+ 8.
Nxd1 Bxf3 9. gxf3 fxe5 10. Rg1 O-O-O 11. f4 exf4 12. Bxf4 Re8 13. f3 g6 14. Nf2
Bg7 15. Nd3 Nf6 16. Ke2 Nd5 17. Bg5 Nb6 18. Rad1 Na4 19. Rb1 Nb6 20. Rbd1 Na4
21. c3 c5 22. Rd2 c4 23. Nf2 Re5 24. Rc2 Rb5 25. Bc1 Rh5 26. h3 Rd8 27. Rg5
Rxg5 28. Bxg5 Rd7 29. Be3 Bf8 30. Ng4 Bg7 31. f4 Re7 32. Kf3 h5 33. Nf2 Kd7 34.
h4 Bf6 35. Kg3 Kc6 36. e5 Bg7 37. Ne4 Rd7 38. Kf3 Rd8 39. Rg2 1-0

[Event "7. Rilton Cup 2007/2008"]
[Site "Stockholm SWE"]
[Date "2007.12.27"]
[Round "1.24"]
[White "Hansen, Evgenia"]
[Black "Furhoff, Johan"]
[Result "0-1"]
[WhiteElo "2159"]
[BlackElo "2392"]
[PlyCount "76"]
[EventDate "2007.12.27"]
[EventType "swiss"]
[EventRounds "9"]
[EventCountry "SWE"]
[Source "lmi"]
[SourceDate "2008.12.27"]

1. d4 d5 2. Bg5 f6 3. Bh4 c5 4. e3 Nc6 5. c3 Qb6 6. Qb3 c4 7. Qc2 Nh6 8. f3 e5
9. g4 Nf7 10. Ne2 h5 11. gxh5 Rxh5 12. Bf2 exd4 13. Nxd4 Nfe5 14. Nd2 Bc5 15.
f4 Nf7 16. Qg6 Rh6 17. Qc2 Bxd4 18. exd4 Nd6 19. b3 Bf5 20. Qb2 Kf8 21. Qa3
Re8+ 22. Kd1 Ne7 23. Bg2 Nb5 24. Qb2 Qa5 25. Rc1 Rc8 26. bxc4 dxc4 27. Bxb7
Qa4+ 28. Ke1 Re8 29. Be3 Nd6 30. Bf3 Ng6 31. Kf2 Rxe3 32. Kxe3 Qe8+ 33. Kf2
Nxf4 34. Qa3 Nd3+ 35. Kf1 Bh3+ 36. Bg2 Bxg2+ 37. Kxg2 Qe2+ 38. Kg3 Rg6+ 0-1

[Event "7. Rilton Cup 2007/2008"]
[Site "Stockholm SWE"]
[Date "2007.12.27"]
[Round "1.25"]
[White "Smith, Axel"]
[Black "Pettersson, Tobias"]
[Result "1-0"]
[WhiteElo "2384"]
[BlackElo "2159"]
[PlyCount "119"]
[EventDate "2007.12.27"]
[EventType "swiss"]
[EventRounds "9"]
[EventCountry "SWE"]
[Source "lmi"]
[SourceDate "2008.12.27"]

1. d4 d6 2. e4 Nf6 3. Nc3 g6 4. f4 Bg7 5. Nf3 c5 6. Bb5+ Bd7 7. Bxd7+ Nfxd7 8.
d5 O-O 9. O-O Na6 10. Qe1 e6 11. Be3 exd5 12. exd5 Nc7 13. Rd1 Nf6 14. f5 Re8
15. fxg6 hxg6 16. Qd2 b5 17. Bg5 b4 18. Nb1 Qd7 19. c4 bxc3 20. Nxc3 Ne4 21.
Nxe4 Rxe4 22. Bh6 f6 23. Bxg7 Kxg7 24. Qf2 Qf5 25. Qg3 Qf4 26. Rde1 Rae8 27.
Qxf4 Rxf4 28. Rxe8 Nxe8 29. Re1 Kf7 30. Re3 Rf5 31. Ra3 Rxd5 32. Rxa7+ Ke6 33.
Kf2 g5 34. h3 Rd1 35. Ke2 Ra1 36. Nd2 d5 37. Nb3 Rg1 38. Kf2 Rd1 39. Ke2 Rg1
40. Kf2 Rd1 41. Nxc5+ Kd6 42. b4 Nc7 43. a4 Rd2+ 44. Kf3 f5 45. Rb7 d4 46. a5
Ra2 47. Rb6+ Kd5 48. Rb7 Ra3+ 49. Ke2 Kc6 50. Rb6+ Kd5 51. Rb7 Kc6 52. Rb8 Nd5
53. Rc8+ Kd6 54. Rd8+ Kc6 55. Nd3 Nc3+ 56. Ke1 Ra1+ 57. Kf2 Ne4+ 58. Kf3 Nd6
59. Ne5+ Kd5 60. Nf7 1-0

[Event "7. Rilton Cup 2007/2008"]
[Site "Stockholm SWE"]
[Date "2007.12.28"]
[Round "2.3"]
[White "Stokke, Kjetil"]
[Black "Berg, Emanuel"]
[Result "1/2-1/2"]
[WhiteElo "2372"]
[BlackElo "2593"]
[PlyCount "115"]
[EventDate "2007.12.27"]
[EventType "swiss"]
[EventRounds "9"]
[EventCountry "SWE"]
[Source "lmi"]
[SourceDate "2008.12.27"]

1. Nf3 Nf6 2. g3 e6 3. Bg2 d5 4. O-O Bd6 5. d4 O-O 6. b3 Qe7 7. Bb2 Nbd7 8. c4
b6 9. Ne5 Bb7 10. Nd2 Rfd8 11. cxd5 exd5 12. Nec4 Ne4 13. Nxd6 Qxd6 14. Rc1
Rac8 15. Qc2 f5 16. Nf3 c5 17. dxc5 bxc5 18. Rfd1 d4 19. e3 Ba6 20. Nd2 Ndf6
21. Nc4 Qe6 22. exd4 cxd4 23. Rxd4 Rxd4 24. Bxd4 Nd6 25. Bxf6 Qxf6 26. Qd2 Bxc4
27. bxc4 h6 28. c5 Nf7 29. Qc3 Qxc3 30. Rxc3 Kf8 31. c6 Rc7 32. Re3 Nd8 33. Re5
g6 34. h4 h5 35. Kf1 Rc8 36. Ra5 Nxc6 37. Bxc6 Rxc6 38. Rxa7 Rc2 39. a4 Ra2 40.
Kg2 Ra3 41. a5 Kg8 42. a6 Kf8 43. f4 Ke8 44. Kf2 Kf8 45. Ke2 Ke8 46. Kd2 Kd8
47. Ra8+ Kc7 48. a7 Kb6 49. Rg8 Rxa7 50. Rxg6+ Kc5 51. Ke3 Ra3+ 52. Kf2 Ra2+
53. Kf3 Ra3+ 54. Kg2 Ra2+ 55. Kh3 Kd5 56. Rb6 Ke4 57. Rb3 Rc2 58. Ra3 1/2-1/2

[Event "7. Rilton Cup 2007/2008"]
[Site "Stockholm SWE"]
[Date "2007.12.28"]
[Round "2.4"]
[White "Hansen, Lars Bo"]
[Black "Hedman, Erik"]
[Result "1/2-1/2"]
[WhiteElo "2572"]
[BlackElo "2396"]
[PlyCount "85"]
[EventDate "2007.12.27"]
[EventType "swiss"]
[EventRounds "9"]
[EventCountry "SWE"]
[Source "lmi"]
[SourceDate "2008.12.27"]

1. d4 Nf6 2. c4 e6 3. Nf3 c5 4. Nc3 cxd4 5. Nxd4 a6 6. e4 Bb4 7. Bd3 Nc6 8. Nc2
Bxc3+ 9. bxc3 Qc7 10. O-O d6 11. f4 O-O 12. Ne3 Na5 13. Qe2 b5 14. e5 dxe5 15.
fxe5 Qxe5 16. Nd5 Qxe2 17. Nxf6+ gxf6 18. Bxe2 Nxc4 19. Bh6 Rd8 20. Rf3 Kh8 21.
Bxc4 bxc4 22. Rxf6 Ra7 23. Raf1 Kg8 24. R6f3 f5 25. Rg3+ Kh8 26. Bg5 Rf8 27.
Be3 Rd7 28. Bd4+ Rxd4 29. cxd4 Bb7 30. Ra3 Rd8 31. Rd1 Rd6 32. Rc3 Bd5 33. Rb1
Kg7 34. Rb2 Kf6 35. Kf2 h5 36. Ke3 Rd8 37. g3 Rg8 38. Rb6 Rg4 39. Rxa6 Re4+ 40.
Kf2 Rxd4 41. Ke3 Ke5 42. Rb6 h4 43. Rb1 1/2-1/2

[Event "7. Rilton Cup 2007/2008"]
[Site "Stockholm SWE"]
[Date "2007.12.28"]
[Round "2.5"]
[White "Nyysti, Sampsa"]
[Black "Cicak, Slavko"]
[Result "0-1"]
[WhiteElo "2364"]
[BlackElo "2569"]
[PlyCount "80"]
[EventDate "2007.12.27"]
[EventType "swiss"]
[EventRounds "9"]
[EventCountry "SWE"]
[Source "lmi"]
[SourceDate "2008.12.27"]

1. e4 c5 2. Nf3 d6 3. d4 cxd4 4. Nxd4 Nf6 5. Nc3 e6 6. g4 h6 7. h4 a6 8. Rg1 d5
9. exd5 Nxd5 10. Nxd5 Qxd5 11. Bg2 Qc4 12. c3 Be7 13. Qb3 Qc7 14. Be3 Nd7 15.
g5 hxg5 16. hxg5 g6 17. O-O-O Nc5 18. Qc4 Bd7 19. Nb3 Bb5 20. Qd4 e5 21. Qg4
Bd7 22. Qg3 Nxb3+ 23. axb3 O-O-O 24. Rd5 Be6 25. Rxd8+ Rxd8 26. Bh3 Qd7 27.
Bxe6 Qxe6 28. Qg4 Qxg4 29. Rxg4 Kd7 30. b4 Ke6 31. Bc5 Bxc5 32. bxc5 Kf5 33.
Rb4 Rd7 34. c6 bxc6 35. Rb6 Rc7 36. Rxa6 Kxg5 37. b4 Kf4 38. Kd2 Kf3 39. Ke1 e4
40. c4 f5 0-1

[Event "7. Rilton Cup 2007/2008"]
[Site "Stockholm SWE"]
[Date "2007.12.28"]
[Round "2.10"]
[White "Blomqvist, Erik"]
[Black "Ivanov, Sergey"]
[Result "1-0"]
[WhiteElo "2334"]
[BlackElo "2537"]
[PlyCount "71"]
[EventDate "2007.12.27"]
[EventType "swiss"]
[EventRounds "9"]
[EventCountry "SWE"]
[Source "lmi"]
[SourceDate "2008.12.27"]

1. e4 c5 2. Nf3 d6 3. d4 cxd4 4. Nxd4 Nf6 5. Nc3 g6 6. Be3 Bg7 7. f3 a6 8. Bc4
b5 9. Bb3 Bb7 10. Qd2 Nbd7 11. O-O-O O-O 12. Kb1 Nc5 13. h4 Nxb3 14. axb3 b4
15. Na4 a5 16. g4 h5 17. Bh6 e5 18. Nb5 d5 19. Bxg7 Kxg7 20. g5 Nd7 21. exd5
Qb8 22. f4 Ba6 23. fxe5 Bxb5 24. Rhe1 Bxa4 25. bxa4 Qb6 26. e6 fxe6 27. Rxe6
Qc5 28. Rde1 Rf7 29. Qd3 Nf8 30. Rf6 Rxf6 31. gxf6+ Kxf6 32. d6 Rd8 33. Qf3+
Qf5 34. Qe2 Qd7 35. Qf2+ Qf5 36. Qd4+ 1-0

[Event "7. Rilton Cup 2007/2008"]
[Site "Stockholm SWE"]
[Date "2007.12.28"]
[Round "2.13"]
[White "Szabo, Krisztian"]
[Black "Naslund, Mikael"]
[Result "1-0"]
[WhiteElo "2492"]
[BlackElo "2310"]
[PlyCount "119"]
[EventDate "2007.12.27"]
[EventType "swiss"]
[EventRounds "9"]
[EventCountry "SWE"]
[Source "lmi"]
[SourceDate "2008.12.27"]

1. e4 c5 2. Nf3 e6 3. d4 cxd4 4. Nxd4 Qb6 5. Be3 Bc5 6. Na3 d5 7. exd5 exd5 8.
c3 Ne7 9. b4 Bxd4 10. Bxd4 Qg6 11. Nb5 Na6 12. Nxa7 Bd7 13. Bd3 Qxg2 14. Kd2
Qg5+ 15. Be3 Qf6 16. Bd4 Qf4+ 17. Be3 Qf6 18. Nb5 Nf5 19. Qf3 Nxe3 20. Qxf6
Nc4+ 21. Bxc4 gxf6 22. Rhe1+ Kd8 23. Bd3 Bxb5 24. Bxb5 Nc7 25. Bd3 Kd7 26. a4
h5 27. a5 Rhg8 28. Rg1 Ne6 29. Ke3 Rg5 30. f4 Rxg1 31. Rxg1 Rc8 32. f5 Ng5 33.
Bb5+ Kd6 34. Kd3 Nf3 35. Rg7 Rc7 36. Rg8 Nxh2 37. Rd8+ Ke5 38. Bd7 Nf3 39. b5
Kf4 40. Bc8 Ne5+ 41. Ke2 Nc4 42. a6 bxa6 43. bxa6 Nb6 44. Bb7 Ke5 45. Kd3 h4
46. Rh8 Kxf5 47. Rxh4 Ke6 48. Rb4 Nc8 49. Kd4 Na7 50. Bxd5+ Kd7 51. Rb6 Ke7 52.
c4 Kd7 53. Rxf6 Ke8 54. Rh6 Ke7 55. Bb7 Kd7 56. Kd5 Nc8 57. c5 Ne7+ 58. Kc4 Nc8
59. c6+ Ke7 60. Kc5 1-0

[Event "7. Rilton Cup 2007/2008"]
[Site "Stockholm SWE"]
[Date "2007.12.28"]
[Round "2.14"]
[White "Luukkonen, Tommi"]
[Black "Akesson, Ralf"]
[Result "0-1"]
[WhiteElo "2238"]
[BlackElo "2468"]
[PlyCount "108"]
[EventDate "2007.12.27"]
[EventType "swiss"]
[EventRounds "9"]
[EventCountry "SWE"]
[Source "lmi"]
[SourceDate "2008.12.27"]

1. d4 Nf6 2. c4 e6 3. Nc3 Bb4 4. e3 O-O 5. Nge2 d5 6. a3 Be7 7. cxd5 exd5 8. g3
Nbd7 9. Bg2 Nb6 10. O-O Re8 11. Qd3 g6 12. f3 c5 13. g4 Bd6 14. Nf4 a6 15. Nce2
Bd7 16. Rd1 Ba4 17. b3 c4 18. bxc4 Bxd1 19. Qxd1 Nxc4 20. g5 Nd7 21. Nxd5 Qxg5
22. e4 Qh4 23. e5 Ndxe5 24. dxe5 Bxe5 25. Rb1 Bxh2+ 26. Kf1 Bd6 27. Rxb7 Rad8
28. f4 Re6 29. Qd4 Rc8 30. f5 Qxd4 31. Nxd4 Na5 32. Rb1 Re5 33. Nf6+ Kg7 34.
Ng4 Rec5 35. Bh6+ Kh8 36. f6 Bf8 37. Re1 Rc4 38. Re4 Nb7 39. Bxf8 Rxf8 40. Ne5
Rc1+ 41. Kf2 Nd6 42. Re3 h5 43. Bd5 Rd1 44. Bxf7 Rxf7 45. Nxf7+ Nxf7 46. Re8+
Kh7 47. Ne6 Rd5 48. Kg3 Rf5 49. Nf8+ Kh6 50. Nd7 Kg5 51. Re7 Nh6 52. Re6 h4+
53. Kg2 Ng4 54. Rxa6 Rf2+ 0-1

[Event "7. Rilton Cup 2007/2008"]
[Site "Stockholm SWE"]
[Date "2007.12.28"]
[Round "2.18"]
[White "Dimitrijevic, Radmilo"]
[Black "Grandelius, Nils"]
[Result "1/2-1/2"]
[WhiteElo "2070"]
[BlackElo "2377"]
[PlyCount "62"]
[EventDate "2007.12.27"]
[EventType "swiss"]
[EventRounds "9"]
[EventCountry "SWE"]
[Source "lmi"]
[SourceDate "2008.12.27"]

1. e4 c5 2. Nc3 d6 3. g3 g6 4. Bg2 Bg7 5. d3 Nc6 6. Nge2 e6 7. Be3 Nd4 8. Qd2
Qa5 9. O-O Ne7 10. Nxd4 cxd4 11. Ne2 Qb6 12. Bh6 O-O 13. Bxg7 Kxg7 14. c3 Nc6
15. cxd4 Nxd4 16. Qc3 e5 17. Nxd4 Qxd4 18. Qxd4 exd4 19. Rfc1 Be6 20. Rc7 Rfc8
21. Rac1 Rxc7 22. Rxc7 Rc8 23. Rxc8 Bxc8 24. Kf1 g5 25. Ke2 Kg6 26. Bf3 g4 27.
Bg2 Kf6 28. Kd2 Ke5 29. Kc2 Bd7 30. Kd2 Ba4 31. Bf1 Bd7 1/2-1/2